| 000 | 00970nam0a22002771 4500 | ||
|---|---|---|---|
| 001 | rc\2623476 | ||
| 005 | 20250623142940.0 | ||
| 035 | _a(NLR Aleph) 006787119 | ||
| 090 |
_a6105156 _c6105156 |
||
| 100 | _a20110914d1931 |||y0rusy50 ca | ||
| 101 | 0 | _arus | |
| 102 | _aRU | ||
| 105 | _aa z ||||| | ||
| 200 | 1 |
_aЖан Франсуа Милле 1814-1875 _e[Альбом рисунков] |
|
| 210 |
_aМосква _aЛенинград _cОгиз - Изогиз _d1931 _eМосква _gтип. газ. "Правда" |
||
| 215 |
_a9 с. текста, 43 л. ил. _d18х13 см. |
||
| 300 | _aВ супер-обложке | ||
| 300 | _aВступительная статья: В. Съедин | ||
| 517 | 0 | _aМилле | |
| 700 | 1 |
_7ca _8rus _aМилле _bЖ.-Ф. _f1814-1875 _gЖан-Франсуа _9252877 _3RU\NLR\AUTH\770252933 |
|
| 801 | 0 |
_aRU _bNLR _gpsbo |
|
| 801 | 1 |
_aRU _bELAR _2rusmarc |
|
| 852 |
_aNLR _j31-8/11077 |
||
| 942 | _cBOOK | ||
| 980 | _aNB | ||